Statistics for Страны, граничащие с Германией

Click here to take the quiz!

General Stats

  • This quiz has been taken 6 038 times
  • The average score is 7 of 9

Answer Stats

длинастрана% Correct
456 кмПольша
97%
451 кмФранция
96%
167 кмБельгия
86%
784 кмАвстрия
85%
577 кмНидерланды
84%
334 кмШвейцария
82%
68 кмДания
81%
138 кмЛюксембург
77%
815 кмРеспублика Чехия
60%

Score Distribution

Percentile by Number Answered

Percent of People with Each Score

Your Score History

You have not taken this quiz